[Event "HUN-chT 2122"]
[Site "Hungary"]
[Date "2022.01.30"]
[Round "5.10"]
[White "Juhasz, Barbara"]
[Black "Bodo, Norbert"]
[Result "1/2-1/2"]
[WhiteElo "2258"]
[BlackElo "2404"]
[PlyCount "62"]
[EventDate "2021.10.10"]
[EventType "team-tourn"]
[EventRounds "9"]
[EventCountry "HUN"]
[SourceTitle "EXT 2023"]
[Source "ChessBase"]
[SourceDate "2022.10.05"]
[SourceVersion "1"]
[SourceVersionDate "2022.10.05"]
[SourceQuality "1"]
[WhiteTeam "Mako Duocor"]
[BlackTeam "Tungsram ANSK"]
[WhiteTeamCountry "HUN"]
[BlackTeamCountry "HUN"]

1. e4 c6 2. d4 d5 3. e5 Bf5 4. h4 Qb6 5. h5 h6 6. g4 Bd7 7. Nc3 e6 8. Na4 Qc7 9. f4 b6 10. Nf3 c5 11. Nc3 a6 12. Be3 Nc6 13. Qd2 cxd4 14. Nxd4 Nxd4 15. Bxd4 Bc5 16. 0-0-0 Ne7 17. Qf2 Bxd4 18. Qxd4 Qc5 19. Qd2 Qc7 20. Bg2 0-0-0 21. Rh3 Kb8 22. Ne2 Rc8 23. Ra3 Nc6 24. Rc3 Qb7 25. Nd4 Nxd4 26. Qxd4 Rxc3 27. Qxc3 Rc8 28. Qb4 Qc7 29. c3 Qc5 30. Qd4 Qa5 31. Kb1 Rc4 1/2-1/2

[Event "HUN-chT2 Charousek 1819"]
[Site "Hungary"]
[Date "2019.02.24"]
[Round "8.1"]
[White "Bodo, Norbert"]
[Black "Nagy, Bence"]
[Result "1/2-1/2"]
[WhiteElo "2397"]
[BlackElo "2390"]
[PlyCount "39"]
[EventDate "2018.09.23"]
[EventType "team-tourn"]
[EventRounds "11"]
[EventCountry "HUN"]
[SourceTitle "CBM 189 Extra"]
[Source "ChessBase"]
[SourceDate "2019.06.03"]
[SourceVersion "1"]
[SourceVersionDate "2019.06.03"]
[SourceQuality "1"]
[WhiteTeam "Aquaprofit Nagykanizsa II"]
[BlackTeam "Haladas Szombathely II"]
[WhiteTeamCountry "HUN"]
[BlackTeamCountry "HUN"]

1. Nf3 Nf6 2. g3 g6 3. Bg2 Bg7 4. 0-0 0-0 5. d4 d5 6. c4 dxc4 7. Na3 c3 8. bxc3 c5 9. Re1 Nc6 10. Bb2 Qb6 11. Nc4 Qa6 12. Nce5 Rd8 13. Nxc6 bxc6 14. Qc1 Be6 15. Ne5 Rac8 16. Nd3 Nd7 17. dxc5 Qc4 18. Qf4 a5 19. Rec1 Bd5 20. Ba3 1/2-1/2

[Event "HUN-chT2 Charousek 1819"]
[Site "Hungary"]
[Date "2019.02.10"]
[Round "7.2"]
[White "Bodo, Norbert"]
[Black "Cop, Tomislav"]
[Result "1/2-1/2"]
[WhiteElo "2397"]
[BlackElo "2357"]
[PlyCount "20"]
[EventDate "2018.09.23"]
[EventType "team-tourn"]
[EventRounds "11"]
[EventCountry "HUN"]
[SourceTitle "CBM 189 Extra"]
[Source "ChessBase"]
[SourceDate "2019.06.03"]
[SourceVersion "1"]
[SourceVersionDate "2019.06.03"]
[SourceQuality "1"]
[WhiteTeam "Aquaprofit Nagykanizsa II"]
[BlackTeam "Tapolca Varosi"]
[WhiteTeamCountry "HUN"]
[BlackTeamCountry "HUN"]

1. Nf3 Nf6 2. g3 g6 3. Bg2 Bg7 4. 0-0 0-0 5. d4 d6 6. b3 Nbd7 7. Bb2 c6 8. Re1 Qc7 9. e4 e5 10. Nbd2 Re8 1/2-1/2

[Event "HUN-chT2 Charousek 1819"]
[Site "Hungary"]
[Date "2018.12.02"]
[Round "5.2"]
[White "Bodo, Norbert"]
[Black "Finszter, Mate"]
[Result "1/2-1/2"]
[WhiteElo "2397"]
[BlackElo "2297"]
[PlyCount "51"]
[EventDate "2018.09.23"]
[EventType "team-tourn"]
[EventRounds "11"]
[EventCountry "HUN"]
[SourceTitle "CBM 189 Extra"]
[Source "ChessBase"]
[SourceDate "2019.06.03"]
[SourceVersion "1"]
[SourceVersionDate "2019.06.03"]
[SourceQuality "1"]
[WhiteTeam "Aquaprofit Nagykanizsa II"]
[BlackTeam "Gyor Szechenyi"]
[WhiteTeamCountry "HUN"]
[BlackTeamCountry "HUN"]

1. Nf3 c5 2. c4 g6 3. Nc3 Bg7 4. e3 Nf6 5. d4 0-0 6. Be2 cxd4 7. Nxd4 Nc6 8. 0-0 b6 9. Bf3 Bb7 10. b3 Qb8 11. Ba3 Qe5 12. Rc1 Rac8 13. Qd2 h5 14. Rfd1 Rfe8 15. Bb2 Qc5 16. Nxc6 Bxc6 17. Bxc6 dxc6 18. h3 Kh7 19. Qc2 Red8 20. Ne2 Ne8 21. Nd4 e5 22. Ne2 Kg8 23. Bc3 Qe7 24. Qb2 Kh7 25. Qc2 Kg8 26. Rxd8 1/2-1/2

[Event "HUN-chT2 Charousek 1819"]
[Site "Hungary"]
[Date "2018.10.07"]
[Round "2.3"]
[White "Bodo, Norbert"]
[Black "Karsa, Laszlo"]
[Result "1/2-1/2"]
[WhiteElo "2397"]
[BlackElo "2337"]
[PlyCount "66"]
[EventDate "2018.09.23"]
[EventType "team-tourn"]
[EventRounds "11"]
[EventCountry "HUN"]
[SourceTitle "CBM 189 Extra"]
[Source "ChessBase"]
[SourceDate "2019.06.03"]
[SourceVersion "1"]
[SourceVersionDate "2019.06.03"]
[SourceQuality "1"]
[WhiteTeam "Aquaprofit Nagykanizsa II"]
[BlackTeam "Komlo Banyasz"]
[WhiteTeamCountry "HUN"]
[BlackTeamCountry "HUN"]

1. Nf3 Nf6 2. d4 g6 3. g3 Bg7 4. Bg2 0-0 5. 0-0 d6 6. b3 Nc6 7. Bb2 e5 8. dxe5 Ng4 9. c4 dxe5 10. h3 Nh6 11. Qc1 Nd4 12. Nc3 Nhf5 13. e3 Nxf3+ 14. Bxf3 c6 15. Rd1 Qc7 16. Ne4 Be6 17. Nc5 Rfe8 18. Nxe6 Rxe6 19. Bg4 Rd6 20. Qc2 Rad8 21. Bxf5 Rxd1+ 22. Rxd1 Rxd1+ 23. Qxd1 gxf5 24. Bc3 Qe7 25. Qd2 h6 26. Bb4 c5 27. Bc3 b6 28. Qd5 Bf6 29. Qc6 Qd8 30. Kg2 Bg7 31. a4 Kh7 32. Qf3 Qd3 33. Be1 Qxb3 1/2-1/2

[Event "HUN-chT 1617"]
[Site "Hungary"]
[Date "2017.03.12"]
[Round "7.11"]
[White "Videki, Sandor"]
[Black "Bodo, Norbert"]
[Result "1/2-1/2"]
[WhiteElo "2421"]
[BlackElo "1342"]
[PlyCount "158"]
[EventDate "2016.10.30"]
[EventType "team-tourn"]
[EventRounds "9"]
[EventCountry "HUN"]
[SourceTitle "EXT 2018"]
[Source "ChessBase"]
[SourceDate "2017.10.13"]
[SourceVersion "1"]
[SourceVersionDate "2017.10.13"]
[SourceQuality "1"]
[WhiteTeam "Paks"]
[BlackTeam "Aquaprofit"]
[WhiteTeamCountry "HUN"]
[BlackTeamCountry "HUN"]

1. c4 c6 2. Nf3 Nf6 3. Nc3 d5 4. e3 e6 5. Qc2 a6 6. b3 Nbd7 7. d4 b5 8. Bb2 bxc4 9. bxc4 dxc4 10. Bxc4 c5 11. d5 Nb6 12. dxe6 Nxc4 13. Qa4+ Ke7 14. Qxc4 Bxe6 15. Qe2 Qc7 16. e4 Ke8 17. 0-0 Be7 18. Rad1 Kf8 19. Ng5 Rb8 20. Rd2 Kg8 21. Nxe6 fxe6 22. Rfd1 h5 23. h3 Qb7 24. Ba3 e5 25. Nd5 Rh6 26. Nxf6+ Bxf6 27. Rb2 Qc8 28. Rxb8 Qxb8 29. Qxa6 Kh7 30. Qc4 Rg6 31. Kh2 Bg5 32. Bxc5 h4 33. Qe2 Bf4+ 34. Kh1 Qc8 35. Be3 Bxe3 36. Qxe3 Qc2 37. Rd2 Qc4 38. Qe2 Qxe2 39. Rxe2 Rb6 40. Kh2 Kg6 41. g3 hxg3+ 42. fxg3 Ra6 43. h4 Ra3 44. Kh3 Kh5 45. Rf2 Kh6 46. Rf5 Ra5 47. Kg4 g6 48. Rg5 Rc5 49. a4 Ra5 50. Kf3 Rc5 51. Ke2 Rc3 52. a5 Ra3 53. a6 Rxa6 54. Rxe5 Ra3 55. Rg5 Kg7 56. h5 Kh6 57. Rxg6+ Kxh5 58. Rg8 Rb3 59. Kf2 Ra3 60. Rf8 Kg5 61. Rf5+ Kg4 62. Rf4+ Kg5 63. Rf8 Rb3 64. Kg2 Re3 65. Rf4 Ra3 66. Kh3 Re3 67. Kg2 Ra3 68. Rf8 Re3 69. Re8 Kg4 70. Kf2 Ra3 71. Rg8+ Kh5 72. e5 Ra5 73. e6 Re5 74. Re8 Kg5 75. Kf3 Ra5 76. g4 Re5 77. Rg8+ Kf6 78. g5+ Kf5 79. Rf8+ Kxg5 1/2-1/2

[Event "HUN-chT 1415"]
[Site "Hungary"]
[Date "2015.03.01"]
[Round "7.4"]
[White "Bodo, Norbert"]
[Black "Rovid, Kalman"]
[Result "0-1"]
[WhiteElo "2415"]
[BlackElo "2204"]
[PlyCount "72"]
[EventDate "2014.10.12"]
[EventType "team-tourn"]
[EventRounds "9"]
[EventCountry "HUN"]
[SourceTitle "EXT 2016"]
[Source "ChessBase"]
[SourceDate "2015.10.08"]
[SourceVersion "1"]
[SourceVersionDate "2015.10.08"]
[SourceQuality "1"]
[WhiteTeam "Aquaprofit"]
[BlackTeam "HVSE Infraplan"]
[WhiteTeamCountry "HUN"]
[BlackTeamCountry "HUN"]

1. Nf3 Nf6 2. c4 c5 3. g3 d5 4. cxd5 Nxd5 5. Bg2 Nc6 6. Nc3 Nc7 7. 0-0 e5 8. a3 Bd7 9. b4 cxb4 10. axb4 Bxb4 11. Rb1 Qe7 12. Na2 a5 13. Nxb4 axb4 14. d3 0-0 15. Bd2 Rfe8 16. Ne1 Ra2 17. Nc2 Na6 18. Bd5 Ra4 19. Ne3 b5 20. Bg2 Qd6 21. Nc2 Rc8 22. Qe1 Be6 23. Rb2 b3 24. Na1 Nd4 25. Be3 Nc2 26. Nxc2 Rxc2 27. Rxc2 bxc2 28. Qc3 Ra2 29. d4 exd4 30. Bxd4 b4 31. Be5 Qc5 32. Qd2 b3 33. Qd8+ Qf8 34. Qb6 h5 35. Bd6 Qc8 36. Bf4 b2 0-1

[Event "HUN-chT2 Charousek 1415"]
[Site "Hungary"]
[Date "2015.01.25"]
[Round "5"]
[White "Goczo, Melinda"]
[Black "Bodo, Norbert"]
[Result "1/2-1/2"]
[WhiteElo "2233"]
[BlackElo "2415"]
[PlyCount "99"]
[EventDate "2014.10.12"]
[EventType "team-tourn"]
[EventRounds "9"]
[EventCountry "HUN"]
[SourceTitle "EXT 2016"]
[Source "ChessBase"]
[SourceDate "2015.10.08"]
[SourceVersion "1"]
[SourceVersionDate "2015.10.08"]
[SourceQuality "1"]
[WhiteTeam "Biatorbagy"]
[BlackTeam "Aquaprofit II"]
[WhiteTeamCountry "HUN"]
[BlackTeamCountry "HUN"]

1. d4 d5 2. c4 c6 3. Nf3 Nf6 4. e3 Bg4 5. Nc3 e6 6. h3 Bh5 7. g4 Bg6 8. Ne5 Nbd7 9. Nxg6 hxg6 10. Bd3 Bb4 11. Bd2 a5 12. a3 Bxc3 13. Bxc3 dxc4 14. Bxc4 Ne4 15. Qf3 Ndf6 16. Qg2 Nxc3 17. bxc3 Nd5 18. Kd2 b5 19. Bxd5 cxd5 20. Rhb1 Rb8 21. Qf1 Qd7 22. Rb3 0-0 23. Rab1 Qd6 24. Rxb5 Rxb5 25. Qxb5 Qxa3 26. Rb3 Qe7 27. Qxa5 Qh4 28. f4 Qxh3 29. g5 Qg2+ 30. Kd3 Qf1+ 31. Kd2 Qf2+ 32. Kd3 Qe1 33. Rb2 Qd1+ 34. Rd2 Qf1+ 35. Kc2 Rb8 36. Qa2 Qe1 37. Kd3 Qf1+ 38. Kc2 Qf3 39. Qa7 Rf8 40. Kd3 Qe4+ 41. Ke2 Rc8 42. Rd3 Qg2+ 43. Kd1 Qb2 44. Qa4 Rb8 45. c4 Qb1+ 46. Ke2 Qg1 47. Rb3 Qg2+ 48. Ke1 Qg1+ 49. Ke2 Qg2+ 50. Ke1 1/2-1/2

[Event "HUN-chT 1314"]
[Site "Hungary"]
[Date "2014.03.23"]
[Round "7"]
[White "Bodo, Norbert"]
[Black "Toth, Sarolta"]
[Result "1-0"]
[WhiteElo "2421"]
[BlackElo "2174"]
[PlyCount "81"]
[EventDate "2013.09.08"]
[EventType "team-tourn"]
[EventRounds "9"]
[EventCountry "HUN"]
[SourceTitle "EXT 2015"]
[Source "ChessBase"]
[SourceDate "2014.11.20"]
[SourceVersion "1"]
[SourceVersionDate "2014.11.20"]
[SourceQuality "1"]
[WhiteTeam "Aquaprofit"]
[BlackTeam "Decs"]
[WhiteTeamCountry "HUN"]
[BlackTeamCountry "HUN"]

1. Nf3 Nf6 2. c4 e6 3. g3 d5 4. Bg2 dxc4 5. Qa4+ c6 6. Qxc4 b5 7. Qb3 Bb7 8. 0-0 Be7 9. d4 0-0 10. Nc3 Nbd7 11. Bg5 a5 12. Rfd1 a4 13. Qc2 h6 14. Bxf6 Nxf6 15. Ne5 Rc8 16. Rac1 Qb6 17. Ne4 Nxe4 18. Qxe4 Rc7 19. Qe3 Rd8 20. h4 c5 21. Bxb7 Rxb7 22. Qf3 Bf6 23. dxc5 Rxd1+ 24. Rxd1 Qxc5 25. Qxb7 Qxe5 26. Qc8+ Kh7 27. Qc2+ g6 28. Rd7 Kg7 29. Qc7 Qxc7 30. Rxc7 Bxb2 31. Rb7 a3 32. Rxb5 f5 33. Kf1 Kf6 34. e3 g5 35. hxg5+ hxg5 36. Ke2 g4 37. Kd3 e5 38. Rb6+ Kg5 39. Rxb2 axb2 40. Kc2 f4 41. e4 1-0

[Event "HUN-chT2 Charousek 1314"]
[Site "Hungary"]
[Date "2014.02.16"]
[Round "7"]
[White "Bodo, Norbert"]
[Black "Bali, Janos"]
[Result "0-1"]
[WhiteElo "2421"]
[BlackElo "2263"]
[PlyCount "70"]
[EventDate "2013.09.08"]
[EventType "team-tourn"]
[EventRounds "11"]
[EventCountry "HUN"]
[SourceTitle "EXT 2016"]
[Source "ChessBase"]
[SourceDate "2015.10.08"]
[SourceVersion "1"]
[SourceVersionDate "2015.10.08"]
[SourceQuality "1"]
[WhiteTeam "Nagykanizsa II"]
[BlackTeam "Budapest EAC"]
[WhiteTeamCountry "HUN"]
[BlackTeamCountry "HUN"]

1. Nf3 d5 2. d4 c6 3. c4 e6 4. e3 f5 5. Be2 Nf6 6. 0-0 Bd6 7. b3 Qe7 8. Bb2 0-0 9. Qc1 b6 10. Ba3 c5 11. Nc3 Nbd7 12. cxd5 Nxd5 13. Nxd5 exd5 14. Bb5 Nf6 15. dxc5 bxc5 16. Bc6 Rb8 17. Rd1 Bb7 18. Bxb7 Rxb7 19. Bb2 Rd7 20. Qd2 Bc7 21. Bxf6 Rxf6 22. Rac1 Bb6 23. Qc3 Re6 24. h3 g5 25. Nh2 g4 26. hxg4 fxg4 27. Nf1 h5 28. b4 cxb4 29. Qd3 Rf6 30. Rc8+ Kg7 31. Ng3 Qf7 32. Qb5 Rxf2 33. Nxh5+ Kg6 34. Qc6+ Kg5 35. Rh8 Rxg2+ 0-1

[Event "HUN-chT2 Charousek 1213"]
[Site "Hungary"]
[Date "2013.04.07"]
[Round "10"]
[White "Bodo, Norbert"]
[Black "Takacs, Balazs"]
[Result "1/2-1/2"]
[WhiteElo "2435"]
[BlackElo "2349"]
[PlyCount "137"]
[EventDate "2012.09.16"]
[EventType "team-tourn"]
[EventRounds "11"]
[EventCountry "HUN"]
[SourceTitle "EXT 2014"]
[Source "ChessBase"]
[SourceDate "2013.11.20"]
[SourceVersion "1"]
[SourceVersionDate "2013.11.20"]
[SourceQuality "1"]
[WhiteTeam "Aquaprofit II"]
[BlackTeam "Alsoszolnok"]
[WhiteTeamCountry "HUN"]
[BlackTeamCountry "HUN"]

1. Nf3 Nf6 2. c4 d6 3. d4 g6 4. g3 Bg7 5. Bg2 0-0 6. 0-0 Nc6 7. Nc3 a6 8. Bf4 Nd7 9. Qd2 e5 10. dxe5 Ndxe5 11. Nxe5 dxe5 12. Qxd8 Rxd8 13. Bg5 f6 14. Bxc6 bxc6 15. Be3 Bh3 16. Rfd1 Kf7 17. f3 h5 18. b3 Rxd1+ 19. Rxd1 Re8 20. Kf2 Bf5 21. Na4 Bc8 22. Ba7 Be6 23. Nc5 Bf8 24. Nb7 Be7 25. Na5 Ra8 26. Be3 c5 27. Nb7 Rb8 28. Nxc5 Bxc5 29. Bxc5 Ke8 30. Ke3 Rd8 31. Rxd8+ Kxd8 32. f4 Bf5 33. Bf8 Ke8 34. Bg7 Kf7 35. Bh8 Bb1 36. Kd2 exf4 37. gxf4 c5 38. a3 a5 39. Kc3 Be4 40. e3 h4 41. b4 axb4+ 42. axb4 cxb4+ 43. Kxb4 Ke6 44. Kc5 f5 45. Kb6 Kd7 46. Bf6 h3 47. Bc3 Bf3 48. c5 Bc6 49. Bb2 Be4 50. Kb5 Bd5 51. Ba3 Bc6+ 52. Kc4 Ke6 53. Bb2 Be4 54. Bd4 Bd5+ 55. Kd3 Bf3 56. Kd2 Be4 57. Ke2 Bc6 58. Kf2 Be4 59. Kg3 Bg2 60. Kh4 Ke7 61. e4 Bxe4 62. Kxh3 Ke6 63. Kh4 Ke7 64. Kg5 Kf7 65. h4 Bf3 66. Bf2 Be4 67. Be1 Bf3 68. h5 Bxh5 69. c6 1/2-1/2

[Event "HUN-chT2 Charousek 1213"]
[Site "Hungary"]
[Date "2013.02.17"]
[Round "7"]
[White "Vidovic, Sasa"]
[Black "Bodo, Norbert"]
[Result "1/2-1/2"]
[WhiteElo "2365"]
[BlackElo "2435"]
[PlyCount "26"]
[EventDate "2012.09.16"]
[EventType "team-tourn"]
[EventRounds "11"]
[EventCountry "HUN"]
[SourceTitle "EXT 2014"]
[Source "ChessBase"]
[SourceDate "2013.11.20"]
[SourceVersion "1"]
[SourceVersionDate "2013.11.20"]
[SourceQuality "1"]
[WhiteTeam "Haladas II"]
[BlackTeam "Aquaprofit II"]
[WhiteTeamCountry "HUN"]
[BlackTeamCountry "HUN"]

1. e4 c6 2. Nc3 d5 3. Nf3 Bg4 4. h3 Bxf3 5. Qxf3 e6 6. d3 Nd7 7. Be2 Bd6 8. d4 Ne7 9. 0-0 Ng6 10. Bd3 0-0 11. g3 e5 12. dxe5 Ndxe5 13. Qd1 Nxd3 1/2-1/2

[Event "Kecskemet Caissa IM 10"]
[Site "Kecskemet"]
[Date "2012.10.22"]
[Round "3"]
[White "Bodo, Norbert"]
[Black "Kojima, Shinya"]
[Result "1/2-1/2"]
[WhiteElo "2435"]
[BlackElo "2307"]
[PlyCount "86"]
[EventDate "2012.10.20"]
[EventType "tourn"]
[EventRounds "9"]
[EventCountry "HUN"]
[EventCategory "3"]
[SourceTitle "EXT 2013"]
[Source "ChessBase"]
[SourceDate "2012.11.22"]
[SourceVersion "1"]
[SourceVersionDate "2012.11.22"]
[SourceQuality "1"]

1. d4 d5 2. c4 c6 3. e3 Nf6 4. Nc3 g6 5. Nf3 Bg7 6. Be2 0-0 7. 0-0 dxc4 8. Bxc4 Nbd7 9. Qe2 Nb6 10. Bb3 Bg4 11. h3 Bxf3 12. Qxf3 a5 13. a3 Nfd7 14. Rd1 e6 15. e4 Qe7 16. Be3 Rfd8 17. Rac1 Rac8 18. Qe2 h6 19. d5 exd5 20. exd5 cxd5 21. Nxd5 Nxd5 22. Rxc8 Rxc8 23. Bxd5 Nf6 24. Bf3 Ne8 25. Qb5 Nd6 26. Qb3 Nf5 27. Bb6 Nd4 28. Bxd4 Bxd4 29. Qxb7 Qxb7 30. Bxb7 Rd8 31. Kf1 Bf6 32. Rxd8+ Bxd8 33. Ke2 Kf8 34. Kd3 Ke7 35. Kc4 Kd6 36. Bd5 f5 37. f4 Bf6 38. b3 Bb2 39. a4 Ba3 40. g4 fxg4 41. hxg4 Ke7 42. Bg2 Kf6 43. Bh3 Bb4 1/2-1/2

[Event "HUN-chT2 Charousek 1011"]
[Site "Hungary"]
[Date "2010.10.10"]
[Round "3"]
[White "Bodo, Norbert"]
[Black "Farkas, Gabor"]
[Result "1-0"]
[WhiteElo "2418"]
[BlackElo "2225"]
[PlyCount "73"]
[EventDate "2010.09.12"]
[EventType "team-tourn"]
[EventRounds "11"]
[EventCountry "HUN"]
[SourceTitle "EXT 2012"]
[Source "ChessBase"]
[SourceDate "2011.11.24"]
[SourceVersion "1"]
[SourceVersionDate "2011.11.24"]
[SourceQuality "1"]
[WhiteTeam "Aquaprofit II"]
[BlackTeam "Haladas II"]
[WhiteTeamCountry "HUN"]
[BlackTeamCountry "HUN"]

1. Nf3 Nf6 2. c4 g6 3. Nc3 Bg7 4. g3 0-0 5. Bg2 d5 6. cxd5 Nxd5 7. 0-0 Na6 8. Qb3 Nb6 9. d3 Be6 10. Qa3 Qd6 11. Qxd6 exd6 12. Ng5 c6 13. Nxe6 fxe6 14. Rb1 d5 15. Bd2 Nc7 16. Rfc1 a6 17. Nd1 Nb5 18. Ba5 Nd7 19. Bh3 Rae8 20. e3 b6 21. Rxc6 bxa5 22. Bxe6+ Rxe6 23. Rxe6 Nc5 24. Rc6 Nxd3 25. a4 Nb4 26. axb5 Nxc6 27. bxc6 Rc8 28. Rc1 Kf7 29. Rc5 Ke6 30. c7 a4 31. Rc6+ Ke7 32. Kg2 d4 33. exd4 Bxd4 34. Rxa6 Rxc7 35. Rxa4 Be5 36. Re4 Kf6 37. Ne3 1-0

[Event "HUN-chT2 Charousek 0910"]
[Site "Hungary"]
[Date "2010.03.14"]
[Round "5"]
[White "Bodo, Norbert"]
[Black "Kallai, Gabor"]
[Result "1/2-1/2"]
[WhiteElo "2406"]
[BlackElo "2444"]
[PlyCount "61"]
[EventDate "2009.11.08"]
[EventType "team-tourn"]
[EventRounds "11"]
[EventCountry "HUN"]
[SourceTitle "EXT 2011"]
[Source "ChessBase"]
[SourceDate "2010.11.26"]
[SourceVersion "1"]
[SourceVersionDate "2010.11.26"]
[SourceQuality "1"]
[WhiteTeam "Tapolca"]
[BlackTeam "Taban Spartacus"]
[WhiteTeamCountry "HUN"]
[BlackTeamCountry "HUN"]

1. c4 c6 2. Nc3 d5 3. cxd5 cxd5 4. d4 Nf6 5. Nf3 Nc6 6. Bf4 a6 7. Rc1 e6 8. e3 Bd6 9. Bxd6 Qxd6 10. Be2 0-0 11. 0-0 b5 12. a4 b4 13. Nb1 Bd7 14. Nbd2 Na5 15. Ne5 Rfc8 16. Nd3 Rxc1 17. Qxc1 Bxa4 18. Qa1 Nb3 19. Qxa4 Nxd2 20. Rd1 Nc4 21. b3 Nb6 22. Qxb4 Qxb4 23. Nxb4 a5 24. Nc6 a4 25. bxa4 Nxa4 26. Ra1 g6 27. Bb5 Nb6 28. Rxa8+ Nxa8 29. Ne5 Nc7 30. Bd3 Nfe8 31. f4 1/2-1/2

[Event "HUN-chT2 Charousek 0910"]
[Site "Hungary"]
[Date "2010.02.28"]
[Round "7"]
[White "Bodo, Norbert"]
[Black "Lizak, Peter"]
[Result "1-0"]
[WhiteElo "2406"]
[BlackElo "2300"]
[PlyCount "107"]
[EventDate "2009.11.08"]
[EventType "team-tourn"]
[EventRounds "11"]
[EventCountry "HUN"]
[SourceTitle "EXT 2011"]
[Source "ChessBase"]
[SourceDate "2010.11.26"]
[SourceVersion "1"]
[SourceVersionDate "2010.11.26"]
[SourceQuality "1"]
[WhiteTeam "Tapolca"]
[BlackTeam "Paks II"]
[WhiteTeamCountry "HUN"]
[BlackTeamCountry "HUN"]

1. c4 Nf6 2. Nc3 e6 3. e4 d5 4. e5 d4 5. exf6 dxc3 6. bxc3 Qxf6 7. Nf3 c5 8. Bd3 Bd7 9. Qe2 Bc6 10. Rb1 Bd6 11. Be4 Qe7 12. 0-0 0-0 13. d4 h6 14. Re1 Qc7 15. Bc2 Nd7 16. Ne5 Bxe5 17. dxe5 f5 18. Bf4 Rf7 19. h4 Qa5 20. Qd3 Nf8 21. Qg3 Kh8 22. Bb3 Rd8 23. Red1 Rxd1+ 24. Rxd1 Rd7 25. Rd6 Qd8 26. h5 Qe8 27. Bd1 Rxd6 28. exd6 Nd7 29. Be5 Qf7 30. f4 Nf6 31. Bf3 Ne4 32. Bxe4 fxe4 33. Kf2 Kh7 34. Ke3 Kg8 35. Qh4 Kh7 36. g4 Qf8 37. Kf2 a6 38. Qg3 Qf7 39. Ke3 Qf8 40. Qh4 Kg8 41. g5 Qd8 42. Qg4 hxg5 43. Qxe6+ Kf8 44. Qf5+ Kg8 45. fxg5 Qf8 46. Qxf8+ Kxf8 47. h6 gxh6 48. gxh6 Kg8 49. Kf4 Kh7 50. Kg5 e3 51. Bf4 e2 52. Bd2 b5 53. cxb5 axb5 54. a3 1-0